000 00529nam a2200169Ia 4500
008 140626s9999 xx 000 0 und d
100 _aMcCarthy, Valerie.
245 4 _aThe role of self-transcendence :
_ba missing variable in the pursuit of successful aging? /
_cValerie McCarthy ... [et al.].
260 _cc2013.
300 _a6 : 1, page 178
440 _aResearch in Gerontological Nursing
521 _aNUR
650 _aOlder adults.
650 _aSelf-transcendence.
650 _aSuccessful aging.
942 _cSE
999 _c121465
_d121465